Normal view
MARC view
- Development psychology
Entry Topical Term
001 - CONTROL NUMBER
- control field: 2973
003 - CONTROL NUMBER IDENTIFIER
- control field: JO-AjAnu
005 - DATE AND TIME OF LATEST TRANSACTION
- control field: 20230606070806.0
008 - FIXED-LENGTH DATA ELEMENTS
- fixed length control field: 230606|| aca||aabn | a|a d
040 ## - CATALOGING SOURCE
- Original cataloging agency: JO-AjAnu
- Transcribing agency: JO-AjAnu
150 ## - HEADING--TOPICAL TERM
- Topical term or geographic name entry element: Development psychology
670 ## - SOURCE DATA FOUND
- Source citation: Work cat.: (JO-AjAnu)1557: United Nations Development Programme, author 2972, Human Development Report 1991